| 000 | 00540nam a2200193 a 4500 | ||
|---|---|---|---|
| 005 | 20160808125133.0 | ||
| 008 | 140130b2008 ck ||||| |||| 00| 0 spa d | ||
| 041 | _aspa | ||
| 044 | _ack | ||
| 090 |
_aIAVH _b01230 |
||
| 100 |
_91989 _aSantamaría, Marcela |
||
| 245 |
_aMonitoreo de la biodiversidad en Colombia _baproximación al estado del arte en desarrollos metodológicos |
||
| 260 |
_aBogota _bIAvH _c2008 |
||
| 300 | _a103 p. | ||
| 662 | _aColombia | ||
| 700 |
_aCorzo, Germán _9778 |
||
| 942 |
_cImpreso _2z |
||
| 945 | _d2008-09-08 | ||
| 999 |
_c6573 _d6573 |
||